Les oiseaux de France métropolitaine - Statistiques

Statistiques générales
  • Ce quiz a été pris 211 fois
    166 depuis la dernière actualisation
  • Le résultat moyen est 152 sur 373
Statistiques - réponses
Ordre Famille Espèce % Correct
Canard colvert
88%
Flamant rose
83%
Pigeon ramier
83%
Falconiformes Falconidae (faucons) Faucon crécerelle
81%
Héron cendré
80%
Hibou grand-duc
80%
Mésange charbonnière
80%
Aegithalidae(mésanges à longue queue) Mésange à longue queue
78%
Paridae(mésanges) Mésange bleue
78%
Ciconiiformes Ciconiidae (cigognes) Cigogne blanche
77%
Strigiformes Tytonidae(effraies) Effraie des clochers
77%
Columbiformes Columbidae (pigeons, tourterelles) Pigeon biset
77%
Tourterelle turque
77%
Corneille noire
75%
Phalacrocoradiae(cormorans) Grand cormoran
75%
Merle noir
75%
Moineau domestique
75%
Mouette rieuse
75%
Petit-duc scops
75%
Pic vert
75%
Buse variable
73%
Cygne tuberculé
73%
Sturnidae(étourneaux) Etourneau sansonnet
73%
Faisan de Colchide
73%
Suliformes Sulidae(fous) Fou de Bassan
73%
Gruidae(grues) Grue cendrée
73%
Aigle royal
72%
Coucou gris
72%
Faucon pèlerin
72%
Grand corbeau
72%
Mésange noire
72%
Pic épeiche
72%
Corbeau freux
70%
Grèbe huppé
70%
Meropidae Guêpier d'Europe
70%
Bucerotiformes Upupidae(huppes) Huppe fasciée
70%
Oriolidae(loriots) Loriot d'Europe
70%
Perdrix grise
70%
Tourterelle des bois
70%
Accipitriformes Pandionidae(balbuzards) Balbuzard pêcheur
69%
Bergeronnette grise
69%
Strigidae(chouettes, hiboux) Chouette chevêche
69%
Oie cendrée
69%
Pinson des arbres
69%
Pouillot véloce
69%
Spatule blanche
69%
Vautour fauve
69%
Alouette des champs
67%
Chouette hulotte
67%
Cigogne noire
67%
Grand tétras
67%
Grimpereau des jardins
67%
Haematopodidae(huîtriers) Huîtrier pie
67%
Apodiformes Apodidae(martinets) Martinet noir
67%
Perdrix rouge
67%
Pic noir
67%
Accenteur mouchet
66%
Phoenicopteriformes Phoenicopteridae(flamants) Flamant nain
66%
Gallinule poule-d'eau
66%
Macareux moine
66%
Mésange huppée
66%
Pic épeichette
66%
Ardeidae(hérons) Aigrette garzette
64%
Fauvette à tête noire
64%
Grande aigrette
64%
Hirundinidae(hirondelles) Hirondelle de fenêtre
64%
Hirondelle rustique
64%
Moineau friquet
64%
Pie bavarde
64%
Regulidae(roitelets) Roitelet huppé
64%
Troglodytidae Troglodyte mignon
64%
Recurvirostridae(avocette) Avocette élégante
63%
Cygne siffleur
63%
Faucon crécerellette
63%
Milan royal
63%
Perruche à collier
63%
Sarcelle d'hiver
63%
Canard souchet
61%
Hibou moyen-duc
61%
Pigeon colombin
61%
Coraciiformes(guêpier, rolliers) Coraciidae Rollier d'Europe
61%
Sitelle torchepot
61%
Choucas des tours
59%
Charadriidae(pluviers, gravelots...) Grand gravelot
59%
Mésange nonnette
59%
Sarcelle d'été
59%
Vautour moine
59%
Cygne chanteur
58%
Goéland argenté
58%
Gypaète barbu
58%
Héron pourpré
58%
Milan noir
58%
Bruant zizi
56%
Galliformes Phasianidae Caille des blés
56%
Chouette chevêchette
56%
Cormoran huppé
56%
Gruiformes Rallidae(Râles, marouettes...) Foulque macroule
56%
Grèbe castagneux
56%
Petit gravelot
56%
Bergeronnette printanière
55%
Bruant jaune
55%
Fuligule milouin
55%
Geai des chênes
55%
Certhiidae(Grimpereaux) Grimpereau des bois
55%
Alcedinidae Martin-pêcheur d'Europe
55%
Mésange boréale
55%
Pic mar
55%
Pie-grièche écorcheur
55%
Tétras lyre
55%
Bergeronnette des ruisseaux
53%
Chevalier gambette
53%
Grive musicienne
53%
Charadriiformes Burhinidae(œdicnèmes) Œdicnème criard
53%
Pluvier doré
53%
Râle d'eau
53%
Roitelet à triple-bandeau
53%
Bécassine des marais
52%
Cygne noir
52%
Fuligule morillon
52%
Gobemouche gris
52%
Goéland leucophée
52%
Vautour percnoptère
52%
Ansériformes Anatidae(canards, oies, cygnes...) Bernache du Canada
50%
Bihoreau gris
50%
Caprimulgiformes Caprimulgidae(engoulevents) Engoulevent d'Europe
50%
Turdidae(merles) Grive draine
50%
Bombycillidae(jaseurs) Jaseur boréal
50%
Linotte mélodieuse
50%
Otidiformes Otididae(outardes) Outarde canepetière
50%
Tarier pâtre
50%
Butor étoilé
48%
Canard chipeau
48%
Canard siffleur
48%
Chardonneret élégant
48%
Echasse blanche
48%
Epervier d'Europe
48%
Faucon hobereau
48%
Gobemouche noir
48%
Gravelot à collier interrompu
48%
Héron garde-boeufs
48%
Lagopède alpin
48%
Pipit farlouse
48%
Verdier d'Europe
48%
Accipitridae(aigles, buses, vautours...) Aigle de Bonelli
47%
Alouette lulu
47%
Cettiidae(bouscarles) Bouscarle de Cetti
47%
Canard mandarin
47%
Fauvette des jardins
47%
Hibou des marais
47%
Hirondelle de rivage
47%
Pingouin torda
47%
Pinson du Nord
47%
Pouillot fitis
47%
Busard Saint-Martin
45%
Ibis sacré
45%
Tadorne de Belon
45%
Bécasse des bois
44%
Canard pilet
44%
Goéland brun
44%
Goéland cendré
44%
Goéland marin
44%
Pie-grièche grise
44%
Plongeon huard
44%
Rougegorge familier
44%
Tichodromidae Tichodrome échelette
44%
Prunellidae(accenteurs) Accenteur alpin
42%
Busard cendré
42%
Busard des roseaux
42%
Chevalier cul-blanc
42%
Cinclidae Cincle plongeur
42%
Cisticolidae Cisticole des joncs
42%
Fauvette mélanocéphale
42%
Piciformes Picidae(pics) Pic cendré
42%
Pluvier argenté
42%
Rougequeue noir
42%
Bécasseau variable
41%
Bernache nonnette
41%
Blongios nain
41%
Emberizidae(bruants) Bruant des roseaux
41%
Cuculiformes Cuculidae(coucous) Coucou geai
41%
Fauvette pitchou
41%
Grive litorne
41%
Pelecaniformes Threskiornithidae(ibis, spatules) Ibis falcinelle
41%
Martinet à ventre blanc
41%
Merle à plastron
41%
Râle des genêts
41%
Remizidae Rémiz penduline
41%
Rousserolle effarvatte
41%
Procellariiformes Procellariidés (puffins, fulmars) Fulmar boréal
39%
Podicipèdiformes Podicipedidés (grèbes) Grèbe à cou noir
39%
Hirondelle de rochers
39%
Mouette mélanocéphale
39%
Phragmite des joncs
39%
Gaviiformes Gaviidés (plongeons) Plongeon arctique
39%
Plongeon catmarin
39%
Rougequeue à front blanc
39%
Sterne arctique
39%
Tarier des prés
39%
Aigle botté
38%
Bernache cravant
38%
Chevalier arlequin
38%
Chevalier guignette
38%
Faisan vénéré
38%
Vanneau huppé
38%
Aigle pomarin
36%
Buse pattue
36%
Fauvette grisette
36%
Alcidae(Macareux, pingouin) Guillemot de Troil
36%
Panuridae Panure à moustaches
36%
Perdrix bartavelle
36%
Pygargue à queue blanche
36%
Sterne pierregarin
36%
Bécasseau sanderling
34%
Chouette de Tengmalm
34%
Grive mauvis
34%
Macreuse noire
34%
Océanite tempête
34%
Pipit des arbres
34%
Tarin des aulnes
34%
Bécasseau minute
33%
Bécassine sourde
33%
Chevalier aboyeur
33%
Chocard à bec jaune
33%
Elanion blanc
33%
Glareolidae(glaréoles) Glaréole à collier
33%
Grèbe jougris
33%
Mouette tridactyle
33%
Nette rousse
33%
Oie rieuse
33%
Pic tridactyle
33%
Serin cini
33%
Sittidae Sitelle corse
33%
Bondrée apivore
31%
Circaète Jean-le-Blanc
31%
Faucon d'Eléonore
31%
Faucon émerillon
31%
Garrot à œil d'or
31%
Gélinotte des bois
31%
Gros-bec casse-noyaux
31%
Harle bièvre
31%
Harle huppé
31%
Marouette ponctuée
31%
Marouette poussin
31%
Hydrobatidés (océanites) Océanite cul-blanc
31%
Traquet motteux
31%
Fringillidae(Pinsons, linottes) Bec-croisé des sapins
30%
Bouvreuil pivoine
30%
Cochevis huppé
30%
Courlis cendré
30%
Crabier chevelu
30%
Crave à bec rouge
30%
Pteroclidiformes Pteroclididae(gangas) Ganga cata
30%
Etourneau unicolore
28%
Faucon kobez
28%
Stercorariidae(labbes) Grand labbe
28%
Grèbe esclavon
28%
Labbe pomarin
28%
Oie des moissons
28%
Puffin cendré
28%
Sterne caugek
28%
Fauvette babillarde
27%
Macreuse brune
27%
Mouette pygmée
27%
Pluvier guignard
27%
Aigle criard
25%
Scolopacidae(bécasseaux, chevaliers...) Barge à queue noire
25%
Barge rousse
25%
Bécasseau maubèche
25%
Combattant varié
25%
Harle piette
25%
Hirondelle rousseline
25%
Martinet pâle
25%
Ouette d'Egypte
25%
Passeriformes Laniidae(pies-grièches) Pie-grièche à tête rousse
25%
Pipit maritime
25%
Puffin des anglais
25%
Rousserolle turdoïde
25%
Bruant proyer
23%
Corvidae(corvidés) Cassenoix moucheté
23%
Eider à duvet
23%
Muscicapidae(gobemouches, tariers) Gobemouche à collier
23%
Goéland bourgmestre
23%
Pic à dos blanc
23%
Pouillot siffleur
23%
Rossignol philomèle
23%
Torcol fourmilier
23%
Tournepierre à collier
23%
Alaudidae(alouettes) Alouette calandre
22%
Autour des palombes
22%
Busard pâle
22%
Gorgebleue à miroir
22%
Labbe parasite
22%
Mergule nain
22%
Pouillot de Bonelli
22%
Calcariidae(plectrophanes (faux bruants)) Bruant des neiges
20%
Bruant fou
20%
Bruant ortolan
20%
Buse féroce
20%
Chevalier sylvain
20%
Courlis corlieu
20%
Sylviidae (fauvettes) Fauvette à lunettes
20%
Fauvette passerinette
20%
Moineau soulcie
20%
Phragmite aquatique
20%
Alouette calandrelle
19%
Bécasseau cocorli
19%
Goéland pontique
19%
Goéland railleur
19%
Labbe à longue queue
19%
Pie-grièche méridionale
19%
Puffin des Baléares
19%
Sterne naine
19%
Venturon montagnard
19%
Alouette hausse-col
17%
Bécasseau de Temminck
17%
Chevalier stagnatile
17%
Conure veuve
17%
Guifette moustac
17%
Guifette noire
17%
Locustellidae Locustelle luscinioïde
17%
Pipit rousseline
17%
Sterne hansel
17%
Bécasseau violet
16%
Cochevis de Thékla
16%
Hypolaïs polyglotte
16%
Marouette de Baillon
16%
Puffin yelkouan
16%
Rousserolle verderolle
16%
Fauvette orphée
14%
Laridae(mouettes, goélands) Goéland à bec cerclé
14%
Linotte à bec jaune
14%
Passeridae (moineaux) Moineau cisalpin
14%
Perdrix choukar
14%
Bruant lapon
13%
Fauvette sarde
13%
Harelde boréale
13%
Monticole bleu
13%
Niverolle alpine
13%
Oie à bec court
13%
Pipit de Richard
13%
Phylloscopidae(pouillots) Pouillot à grands sourcils
13%
Puffin fuligineux
13%
Sizerin flammé
13%
Sterne de Dougall
13%
Talève sultane
13%
Bécasseau falcinelle
11%
Erismature rousse
11%
Gobemouche nain
11%
Goéland d'Audouin
11%
Acrocephalidae(rousserolles, phragmites) Hypolaïs ictérine
11%
Monticole de roche
11%
Venturon corse
11%
Psittaciformes Psittacidae(perruches, conures) Inséparable de Fischer
9%
Perruche alexandre
9%
Traquet oreillard
9%
Oie à tête barrée
8%
Phalarope à bec étroit
8%
Phalarope à bec large
8%
Puffin majeur
8%
Inséparable masqué
6%
Pipit à gorge rousse
6%
Pouillot ibérique
6%
Puffin de Macaronésie
6%
Roselin cramoisi
5%
Sterne élégante
5%
Bécasseau à cou roux
3%
Bécasseau roussâtre
3%
Motacillidae(Bergeronnettes, pipits) Bergeronnette flavéole
3%
Traquet pie
3%
Bécasseau à poitrine cendrée
2%
Lusciniole à moustaches
2%
Gobemouche méditerranéen
0%
Pipit sponcielle
0%
Aucun quiz correspondant
Distribution des résultats
% des personnes avec chaque résultat
Percentile par nombre de réponses
Votre historique - résultats
Vous n’avez pas pris ce quiz depuis la dernière actualisation